| 000 | 00553nam a2200241 a 4500 | ||
|---|---|---|---|
| 001 | nice12345678 | ||
| 003 | IN_TiNIC | ||
| 005 | 20260116011630.0 | ||
| 008 | 050524s1968 lona grp 000 0 eng | ||
| 020 |
_a _c6 |
||
| 082 | 0 | 0 |
_a200 _bPAR |
| 100 | _aParrinder, E G | ||
| 245 | _aIntroduction to Asian Religions. | ||
| 260 |
_aLondon _bSPCK _c1968 |
||
| 300 | _a138p | ||
| 500 | _aincludes index and biblioraphy | ||
| 505 | 2 | _aIndex | |
| 650 | _aReligion | ||
| 700 | 1 | _aParrinder, E G | |
| 902 | _bSRS | ||
| 942 | _cBK | ||
| 999 |
_c3006 _d3006 |
||